000 00256nam a2200097Ia 4500
008 200302s9999 xx 000 0 und d
100 _aLance Vatcher
245 _aStonehenge Photographed By Theo Bergstrom
260 _bUnited Kingdom Pvt. Ltd.
260 _c1974
999 _c2270
_d2270